000 00694nam a22002177a 4500
999 _c159906
_d159906
005 20190109160859.0
006 a|||||f|||| 00| 0
007 tc
008 180720b xxu||||| |||| 00| 0 eng d
010 _aB-079072-B-079073
020 _c18.00
035 _aB-079072
037 _bA.I.C.B.
082 _a480
245 _aModern English
_c:Taxt Book (claas VI)
260 _aNew Delhi
_bA.C.I.B.
_cN.D.
270 _aSector-5, Rohini,
_bNew Delhi
_e110085
300 _avarious pages.
_c30cm(HB).
942 _2ddc
_cBRLEN
_h480
_mMOD